| 000 | 00554nam a2200145Ia 4500 | ||
|---|---|---|---|
| 008 | 220326s9999||||xx |||||||||||||| ||und|| | ||
| 020 | _a979-3451-10-6 | ||
| 084 | _a10200 HUS Gov Bo.2b | ||
| 100 | _aDr. H. La Ode Husen, S.H., M.H | ||
| 245 | 0 | _aHubungan Fungsi Pengawasan Dewan Perwakilan Rakyat Dengan Badan Pemeriksa Keuangan Dalam Sistem Ketatanegaraan Indonesia | |
| 260 |
_aBandung _bCV. Utama _c2005 |
||
| 300 | _aviii + 300 halaman | ||
| 650 |
_aGovernment (Pemerintahan) _eG-O-V _yFungsi Pengawasan DPR Dengan BPK Dlm Ketatanegaran |
||
| 942 | _cBK | ||
| 999 |
_c12877 _d12877 |
||